| 000 | 00896cam2a220024100 4500 | ||
|---|---|---|---|
| 001 | qce00014381 | ||
| 005 | 20190822114851.0 | ||
| 008 | 770627r19761877ii b 000 0 eng d | ||
| 035 | _a(Sirsi) r94815 | ||
| 035 | _a(QCAT)lss01636251 | ||
| 035 | _a(UPRA)qce00014381 | ||
| 040 | _dUPRA | ||
| 070 | _aSH299.F5 | ||
| 245 | 0 | 0 |
_aFisheries and botany of Eastern India / _cFrancis Day ... [et al.]. |
| 260 |
_aDelhi : _bConcept Publ. Co., _c1976. |
||
| 500 | _aOriginally published in 1877 as part of A statistical account of Bengal, vol. 20 / by W.W. Hunter. | ||
| 504 | _aIncludes bibliographical references. | ||
| 650 | 0 |
_aFisheries -- India. _zFisheries -- India. _6S10707.1 |
|
| 650 | 0 |
_aBotany -- India. _zBotany -- India. _6S9186.1 |
|
| 700 | 1 |
_aDay, Francis, 1829-1889. _dDay, Francis, 1829-1889. _6A53460.1 |
|
| 949 |
_aQL634 _wlcc _i-133766 _mMAIN _p1000 _tBOOK _lON-SHELF |
||
| 004 | 94815 | ||
| 999 |
_c133491 _d133491 |
||